Scalability, density, and decision making in cognitive wireless networks (Record no. 11822)

000 -LEADER
fixed length control field 03438cam a22003138i 4500
001 - CONTROL NUMBER
control field 17478789
005 - DATE AND TIME OF LATEST TRANSACTION
control field 20170105102349.0
008 - FIXED-LENGTH DATA ELEMENTS--GENERAL INFORMATION
fixed length control field 120928s2012 enk b 001 0 eng
010 ## - LIBRARY OF CONGRESS CONTROL NUMBER
LC control number 2012037574
020 ## - INTERNATIONAL STANDARD BOOK NUMBER
International Standard Book Number 9781107015494 (hardback)
040 ## - CATALOGING SOURCE
Original cataloging agency DLC
Language of cataloging eng
Transcribing agency DLC
Description conventions rda
042 ## - AUTHENTICATION CODE
Authentication code pcc
050 00 - LIBRARY OF CONGRESS CALL NUMBER
Classification number TK5103.4815
Item number .M374 2012
082 00 - DEWEY DECIMAL CLASSIFICATION NUMBER
Classification number 621.384
100 1# - MAIN ENTRY--PERSONAL NAME
Personal name Marshall, Preston,
Relator term author.
245 10 - TITLE STATEMENT
Title Scalability, density, and decision making in cognitive wireless networks
Statement of responsibility, etc. Preston Marshall
260 ## - PUBLICATION, DISTRIBUTION, ETC.
Place of publication, distribution, etc. New York
Name of publisher, distributor, etc. Cambridge ;
Date of publication, distribution, etc. 2013
300 ## - PHYSICAL DESCRIPTION
Extent xiii, 343p. :
Dimensions 26 cm
504 ## - BIBLIOGRAPHY, ETC. NOTE
Bibliography, etc. note Includes bibliographical references and index.
505 8# - FORMATTED CONTENTS NOTE
Formatted contents note Machine generated contents note: Preface; Part I. Overview: 1. Introduction; 2. Theoretical foundations; 3. Future wireless operation, environments and dynamic spectrum access; 4. Fundamental challenges in cognitive radio and wireless systems; Part II. Generalized Environmental Characterization: 5. The spectrum and channel environment; 6. Propagation modeling, characterization and control; 7. The connectivity environment; 8. The information and content environment; Part III. System Performance of Cognitive Wireless Systems: 9. Network scaling; 10. Network physical density limitations; 11. Network sensing and exchange information effectiveness; 12. Content access information effectiveness; 13. Minimizing nonlinear circuit effects; Part IV. Integrated Analysis and Decision-Making: 14. Awareness structure for cognitive wireless systems; 15. Instantiating and updating beliefs across wireless networks; 16. Decision-making structure for cognitive wireless systems; Part V. Summary: 17. Further research needs in cognitive wireless networks; Appendix A. Terms and acronyms; Appendix B. Symbols; Appendix C. Mathematica and MATLAB routines.
520 ## - SUMMARY, ETC.
Summary, etc. "This cohesive treatment of cognitive radio and networking technology integrates information and decision theory to provide insight into relationships throughout all layers of networks and across all wireless applications. It encompasses conventional considerations of spectrum and waveform selection, and covers topology determination, routing policies, content positioning, and future hybrid architectures that fully integrate wireless and wired services. Features specific examples of decision-making structures and criteria required to extend network density and scaling to unprecedented levels. - Integrates sensing, control plane and content operations into a single cohesive structure - Provides simpler and more powerful models of network operation - Presents a unique approach to decision-making and mechanisms to adjust control plane activity to ensure network scaling. - Generalises the concepts of shared and adaptive spectrum policies - Addresses network transport operations and dynamic management of cognitive wireless networks' own information seeking behaviour"--
650 #0 - SUBJECT ADDED ENTRY--TOPICAL TERM
Topical term or geographic name entry element Cognitive radio networks.
650 #0 - SUBJECT ADDED ENTRY--TOPICAL TERM
Topical term or geographic name entry element Computer networks
General subdivision Scalability.
650 #7 - SUBJECT ADDED ENTRY--TOPICAL TERM
Topical term or geographic name entry element TECHNOLOGY & ENGINEERING / Mobile & Wireless Communications
Source of heading or term bisacsh.
856 42 - ELECTRONIC LOCATION AND ACCESS
Materials specified Cover image
Uniform Resource Identifier <a href="http://assets.cambridge.org/97811070/15494/cover/9781107015494.jpg">http://assets.cambridge.org/97811070/15494/cover/9781107015494.jpg</a>
906 ## - LOCAL DATA ELEMENT F, LDF (RLIN)
a 0
b vip
c orignew
d 1
e ecip
f 20
g y-gencatlg
942 ## - ADDED ENTRY ELEMENTS (KOHA)
Source of classification or shelving scheme
Koha item type Book
Holdings
Withdrawn status Lost status Damaged status Not for loan Collection code Permanent Location Current Location Shelving location Date acquired Source of acquisition Cost, normal purchase price Total Checkouts Full call number Barcode Date last seen Price effective from Koha item type
          Central Library (CL) Central Library (CL) General Stacks 04/24/2013 Progressive International Agencies 9926.51   621.384 MAR SEECS012317 04/24/2013 04/24/2013 Book
© 2023 Central Library, National University of Sciences and Technology. All Rights Reserved.